CRITICAL LIMITS FOR HEAVY METALS

Podrobná bibliografia
Hlavní autori: W. de Vries (Autor), Romkens, P. (Autor)
Médium: Článok
Jazyk:angličtina
ISBN:8085361833

MARC

LEADER 00000naa a2200000uu 4500
001 vtls011052016
003 SK-MaSNL
005 20260302113642.0
008 210904|2000 xo |||||||||||||||||eng|
015 |a SNBRA 
035 |a (urnnbn)urn:nbn:sk:snk:ar-a0bvh0 
035 |a (uuid)ccda5b5f-2486-44ad-94a3-63f9a98acf2c 
035 |a urn:nbn:sk:snk-aav28m 
040 |a SNKBUCL  |b slo  |c SNKBUCL  |e AACR2 
041 0 |a eng 
044 |a xo  |c SK 
100 1 |a W. de Vries  |4 aut  |9 794537 
245 1 0 |a CRITICAL LIMITS FOR HEAVY METALS  |c W. de Vries, P. Romkens 
700 1 |a Romkens, P.  |4 aut  |9 794536 
773 0 |t Ad hoc international expert group on effect-based critical limits for heavy metals, Bratislava, Slovak Republic 11-13th October 2000  |d Bratislava : Soil Science and Conservation Research Institute, 2000  |g S. 84-86  |z 8085361833 
958 |a OND 
958 |a article12 
958 |a chapter 
999 |c 1256363  |d 1258293